000 00603nam a2200241Ia 4500
003 OSt
005 20220918210245.0
006 a|||||r|||| 00| 0
007 ta
008 220917b |||||||| |||| 00| 0 eng d
024 _a119,817
037 _cTextual
040 _aARTS
_cARTS
_beng
041 _2eng
_aeng
082 _aV73:19:N6, K7
100 _aBerding Andrew H
_9117613
245 0 _aMaking of foreign policy
260 _c1967
490 _aU S A survey series
650 _aHISTORY
942 _hV73:19:N6, K7
_cTEXL
_2CC
999 _c243076
_d243076